| 000 | 00419nam a2200157 a 4500 | ||
|---|---|---|---|
| 020 | _a2852100363 | ||
| 040 | _cDLC | ||
| 082 | 0 | 0 | _a848 LIB 1991 A096 Or. |
| 100 | 1 | _aRasson, Luc. | |
| 245 | 1 | 0 |
_aLittérature et fascisme : _bles romans de Robert Brasillach / |
| 260 |
_aParis : _bLibr. Minard, _c1991. |
||
| 300 |
_a257 p. ; _c22 cm. |
||
| 490 | 1 | _aLa Thèsothèque ; | |
| 650 | 0 | _aFascism and literature | |
| 942 | _cFB | ||
| 999 |
_c14362 _d14362 |
||